| Tag |
First Indicator |
Second Indicator |
Subfields |
| LEADER |
00000cgm a2200000 a 4500 |
| 001 |
in00000028973 |
| 005 |
20151007054751.0 |
| 007 |
vf cbaho| |
| 008 |
871103s1987 xxu040| ||||| 0vleng d |
| 035 |
|
|
|a (OCoLC)16934596
|
| 035 |
|
|
|9 AAB6155AM
|
| 040 |
|
|
|a XCA
|c XCA
|d TXA
|d UtOrBLW
|
| 049 |
|
|
|a TXAV
|c [A10159654]
|
| 050 |
|
4 |
|a GV191.78
|b .S23 1987
|
| 245 |
0 |
0 |
|a Safety, a guide to being prepared /
|c a project of Serendipity Communications ; produced in association with A. Eric Jones Productions ; developed in association with the Boy Scouts of America ; producer, Dori Cismowski ; director, Jennifer Terwilliger ; writer, Dori Cismowski.
|
| 264 |
|
1 |
|a Houston, TX :
|b Serendipity Communications,
|c 1987.
|
| 300 |
|
|
|a 1 videocassette (40 min.) :
|b sound, color ;
|c 1/2 in. +
|e booklet (35 pages : illustrations ; 19 cm.)
|
| 336 |
|
|
|a two-dimensional moving image
|b tdi
|2 rdacontent
|
| 337 |
|
|
|a video
|b v
|2 rdamedia
|
| 338 |
|
|
|a videocassette
|b vf
|2 rdacarrier
|
| 490 |
1 |
|
|a Family camping series ;
|v 3
|
| 500 |
|
|
|a "BX-FC03"
|
| 508 |
|
|
|a Editor, Kitty Rea ; narrator, Bruce Robertson.
|
| 500 |
|
|
|a VHS format.
|
| 520 |
|
|
|a Basic first-aid and safety precautions every family member should know before hitting the trail.
|
| 521 |
|
|
|a Recreation and Parks
|
| 500 |
|
|
|a Videorecording.
|
| 650 |
|
0 |
|a First aid in illness and injury.
|
| 650 |
|
0 |
|a Camping
|x Safety measures.
|
| 710 |
2 |
|
|a Boy Scouts of America.
|
| 710 |
2 |
|
|a Serendipity Communications.
|
| 710 |
2 |
|
|a A. Eric Jones Productions.
|
| 830 |
|
0 |
|a Family camping series ;
|v 3.
|
| 999 |
|
|
|a MARS
|
| 999 |
f |
f |
|s e4bd761a-be2d-3876-abde-cc410c514318
|i fb1b7c3d-5eda-39f9-a20f-ada29aadfea1
|t 0
|